Statistics for FIFA 23 Premier League TOTS

Click here to take the quiz!

General Stats

  • This quiz has been taken 78 times
  • The average score is 12 of 21

Answer Stats

TOTS RatingPlayer Name% Correct
97Erling Haaland
97%
97Kevin De Bruyne
92%
96Ruben Dias
79%
95Harry Kane
76%
96Mo Salah
76%
93Bukayo Saka
71%
94Son Heung-min
65%
93Gabriel Martinelli
62%
90Aaron Ramsdale
60%
95Bernardo Silva
60%
95Marcus Rashford
60%
92William Saliba
60%
94Casemiro
52%
92Kieran Trippier
52%
92Martin Odegaard
49%
92Oleksandr Zinchenko
49%
93Bruno Guimaraes
43%
94Raphael Varane
40%
90David De Gea
37%
91Reece James
35%
91Nathan Ake
30%

Score Distribution

Percentile by Number Answered

Percent of People with Each Score

Your Score History

You have not taken this quiz